00670cam a2200229 i 4500001000800000005001700008008004100025010001700066020001500083040001800098041000800116080001400124082001400138100000700152101000800159245005600167504003000223906004500253942001200298999001700310952011300327322658620180207050616.0790517s1980 nyua b 001 0 eng  a 79015486  a0023698705 aDLCcDLCdDLC aeng a512.5 LEO00a512.5 LEO1 a36 aMAT10aLinear algebra with applications /cSteven J. Leon. aBibliography: p. 319-320. a7bcbccorignewd1eocipf19gy-gencatlg 2ddccBK c42000d42000 00102udc40708PËKGa002b002cPËKGd2018-02-07l0o512.5 LEOp002-2999005r2018-02-07w2018-02-07yBK